La calidad de la educación en la escuela
Uloženo v:
| Hlavní autor: | |
|---|---|
| Médium: | Kniha |
| Jazyk: | španělština |
| Vydáno: |
Santiago
Ministerio de Educación Pública
1987
Santiago CPEIP 1987 |
| Vydání: | 1a. ed |
| Edice: | Proyecto de Perfeccionamiento de Equipos Directivod Superiores
|
| Témata: | |
| Tagy: |
Přidat tag
Žádné tagy, Buďte první, kdo vytvoří štítek k tomuto záznamu!
|
MARC
| LEADER | 00000nam a2200000 a 4500 | ||
|---|---|---|---|
| 001 | UCH5033 | ||
| 003 | CL-VaPUC | ||
| 008 | 090916e19870000cl |||||||||||||||||spa|d | ||
| 082 | 0 | 4 | |a 370.12 |b CAS |2 21 |
| 100 | 0 | |a Castillo Inzulza, Gabriel |e author |9 541151 | |
| 245 | 1 | 3 | |a La calidad de la educación en la escuela |
| 250 | |a 1a. ed | ||
| 300 | |a 39 p | ||
| 942 | |c BK | ||
| 945 | |d 20090916 00:00:00 |a cmena | ||
| 260 | |a Santiago |b Ministerio de Educación Pública |c 1987 | ||
| 260 | |a Santiago |b CPEIP |c 1987 | ||
| 650 | 0 | |a Calidad de la educación |9 307271 | |
| 650 | 0 | |a Educación básica |9 224933 | |
| 650 | 0 | |a Filosofía de la educación |9 258384 | |
| 583 | |a last modification |c 20171123 01:40:40 |k Rodrigo Vera | ||
| 490 | 0 | |a Proyecto de Perfeccionamiento de Equipos Directivod Superiores | |
| 999 | |c 336255 |d 336253 | ||
| 952 | |0 0 |1 0 |4 0 |6 370_120000000000000_CAS_1987_1987 |7 0 |8 A |9 427255 |a BIBEDU |b BIBEDU |d 2019-11-22 |i 4595289 |o 370.12 CAS 1987 1987 |p 4595289 |r 2019-11-22 |w 2019-11-22 |y BK |k BME | ||